A comparative analysis of conceptions of knowledge and learning in general and public sector literature 2000-2009 (Record no. 99439)

000 -LEADER
fixed length control field 01279pab a2200181 454500
008 - FIXED-LENGTH DATA ELEMENTS--GENERAL INFORMATION
fixed length control field 180718b2013 xxu||||| |||| 00| 0 eng d
100 ## - MAIN ENTRY--PERSONAL NAME
Personal name Kennedy, Monica
245 ## - TITLE STATEMENT
Title A comparative analysis of conceptions of knowledge and learning in general and public sector literature 2000-2009
260 ## - PUBLICATION, DISTRIBUTION, ETC.
Date of publication, distribution, etc. 2013
300 ## - PHYSICAL DESCRIPTION
Extent p.155-167.
362 ## - DATES OF PUBLICATION AND/OR SEQUENTIAL DESIGNATION
Dates of publication and/or sequential designation Feb
520 ## - SUMMARY, ETC.
Summary, etc. In this article we analyze the ways in which concepts of "knowledge" and "learning" are represented in public sector management literature and compare these with contemporary concepts in the broader knowledge management and organizational learning disciplines. Gaps and differences between the two sets of literature are discussed and clarified. How differences emerge and are displayed is discussed, and implications for the variation on practice and organizational effectiveness in the public sector are presented. The article's contribution is in its illustration of the gap between representations of knowledge and learning in public sector literature and the disciplinary literature in knowledge management and organizational learning. - Reproduced.
650 ## - SUBJECT ADDED ENTRY--TOPICAL TERM
Topical term or geographic name entry element Knowledge management
700 ## - ADDED ENTRY--PERSONAL NAME
Personal name Burford, Sally
773 ## - HOST ITEM ENTRY
Main entry heading International Journal of Public Administration
908 ## - PUT COMMAND PARAMETER (RLIN)
Put command parameter N
909 ## -
-- 99440
Holdings
Withdrawn status Lost status Damaged status Not for loan Permanent Location Current Location Date acquired Serial Enumeration / chronology Barcode Date last seen Price effective from Koha item type
        Indian Institute of Public Administration Indian Institute of Public Administration 2018-07-19 Volume no: 36, Issue no: 3 AR99900 2018-07-19 2018-07-19 Articles

Powered by Koha